| 000 | 00000nam##2200000za#4500 |
| 001 | 9.557964 |
| 003 | CaOODSP |
| 005 | 20240911075924 |
| 007 | cr ||||||||||| |
| 008 | 150406|2001||||xxc|||||o f|0| 0 eng|d |
| 020 | |a0-662-31114-0 |
| 040 | |aCaOODSP|beng |
| 043 | |an-cn--- |
| 086 | 1 |aH113-8/2001-2E-IN |
| 110 | 1 |aCanada. |bPest Management Regulatory Agency. |
| 245 | 10|aHarmonization of environmental chemistry and fate data requirements under NAFTA |h[electronic resource] |
| 260 | |aOttawa - Ontario : |bHealth Canada. |cOctober 5, 2001. |
| 300 | |a8p.|bglossary, references, tables |
| 490 | 1 |aRegulatory proposal |vPRO 2001-02 |
| 590 | |a12-01-Supp|b2012-01-13 |
| 775 | 08|tHarmonisation des exigences en matière de données sur les caractéristiques chimiques et le devenir des pesticides dans l'environnement en vertu de l'ALENA |w(CaOODSP)9.590964 |
| 776 | 0#|tHarmonization of environmental chemistry and fate data requirements under NAFTA |w(CaOODSP)9.615790 |
| 830 | #0|aRegulatory proposal (Canada. Pest Management Regulatory Agency)|vPRO 2001-02|w(CaOODSP)9.504463 |
| 856 | 40|ahttp://publications.gc.ca|qPDF|s127 KB|uhttps://publications.gc.ca/collections/Collection/H113-8-2001-2E.pdf|yPRO 2001-02 |